LEADER 01403nam a2200289 u 4500 001 000000019397 003 CaOOAMICUS 005 20070226110801.0 008 950328s1944 it af u000 u ita u 035 $a10465801 040 $aPUL(R)$bita 100 1 $aVannicelli, Luigi,$cO.F.M.$0(OLS)http://pul/name/17015 245 13$aLa religione dei Lolo :$bcontributo allo studio etnologico delle religioni dell'Estremo Oriente /$cLuigi Vannicelli. 260 $aMilano :$bVita e pensiero,$c1944. 300 $axi, 263 p., [2] c. di tav. pieg., [15] c. di tav. :$bill. ;$c1944 490 1 $aPubblicazioni della Università cattolica del Sacro Cuore.$aNuova serie ;$v2 500 $aComprende indici. 504 $aBibliografia: p. 229-231. 650 4$aEtnologia.$0(OLS)http://pul/subject/4615 650 4$aReligioni orientali.$0(OLS)http://pul/subject/3496 651 4$aEstremo Oriente.$0(OLS)http://pul/subject/13069 830 0$aPubblicazioni della Università cattolica del Sacro Cuore.$pNuova serie ;$v2.$0(OLS)http://pul/title/1726 850 $aPUL 852 $aPUL$W1$xDP2 Religione 1$y63$m70 A 25$j27261$nBK-PRI$qStampati$B27261$CPULBib$Z2$F27261 $82 941 1 $a8 996 $6245$aLa religione dei Lolo :$bcontributo allo studio etnologico delle religioni dell'Estremo Oriente$9(OLS)http://pul/title/27465 996 $6260$aMilano :$bVita e pensiero$9(OLS)http://pul/publisher/48016 LEADER 01442nam a2200277 u 4500 001 000000056495 003 CaOOAMICUS 005 20070226120500.0 008 810605s1970 gw abd u000 u ger u 035 $a10880405 040 $aEFR$bita$cPICA$dPUL(R) 245 00$aAtlas zur Kirchengeschichte :$bdie christlichen Kirchen in Geschichte und Gegenwart /$chrsg. von Hubert Jedin, Kenneth Scott Latourette, Jochen Martin ; unter Mitwirkung zahlreicher Fachgelehrter ; bearb. von Jochen Martin. 260 $aFreiburg :$bHerder,$c1970. 300 $a83 , xxxviii p., 152 p. de pl. :$bcartes, graph. (en noir et en coul.) ;$c35 cm 500 $aComprende indici. 610 24$aChiesa cattolica$xStoria.$0(OLS)http://pul/subject/5938 610 20$aCatholic Church$xHistory.$2//eng$0(OLS)http://pul/subject/315 700 1 $aJedin, Hubert,$csac.,$d1900-1980.$0(OLS)http://pul/name/4262 700 1 $aMartin, Jochen,$d1936-$0(OLS)http://pul/name/7694 700 1 $aLatourette, Kenneth Scott,$d1884-1968.$0(OLS)http://pul/name/39631 850 $aPUL 852 $aPUL$W1$xSL Cons. Gen., Altre Classi 1$y1$m2013.$j4727$nBK-PRI$b $qStampati$B74102$CPULBib$Z2$F74102 $H $81 941 1 $a8 961 $aINV: 32650 996 $6245$aAtlas zur Kirchengeschichte :$bdie christlichen Kirchen in Geschichte und Gegenwart$9(OLS)http://pul/title/75563 996 $6260$aFreiburg :$bHerder$9(OLS)http://pul/publisher/48354